000 00620nam a2200193Ii 4500
003 JO-AjNU
008 230605s9999||||xx |||||||||||||| ||und||
040 _aJO-AjNU
_bara
_erda
_cJO-AjNU
041 _aara
050 1 4 _aRA425.B36 2009
100 3 _aالبكري، امل/ م. مشارك ريتا حمارنة,
_eauthor
_942197
245 0 0 _aالصحة والسلامة العامة
264 3 1 _aعمان:دار الفكر، 2009
300 _a310ص
336 _atext
_btxt
_2rdacontent
337 _aunmediated
_bn
_2rdamedia
338 _avolume
_bnc
_2rdacarrier
650 4 _aالسلامة العامة
_942198
999 _aA18050
_c21618
_d21618